000 00690nam a2200289Ia 4500
005 20260324140804.0
008 008 260324s9999 xx 000 0 eng d
020 _a9780203821947
037 _aEBOOK
040 _aCRL
040 _beng
040 _cCRL
041 _2eng
041 _aeng
084 _qCRL
100 _aGregory A. Good
_91205749
245 0 _aSciences of the Earth
245 3 _bAn Encyclopedia of Events, People, and Phenomena
260 _bTaylor and Francis
260 _c1998
365 _a
365 _b540
856 _uhttp://www.taylorfrancis.com/books/9780203821947
942 _cEBOOK
999 _c1808152
_d1808152